Minor Civil Divisions (Districts) of Maryland With a Map - Statistics

General Stats
  • This quiz has been taken 327 times
  • The average score is 38 of 290
Answers on the Map
Answers color-coded by a green-red scale on the quiz's map according to % correct below.
 
Answer Stats
County MCD % Correct
Baltimore City Baltimore
91%
Frederick 2, Frederick
63%
Washington 17, Hagerstown
49%
Washington 21, Hagerstown
49%
Washington 22, Hagerstown
49%
Washington 25, Hagerstown
49%
Washington 3, Hagerstown
49%
Worcester 7, Ocean City
46%
Allegany 14, Cumberland
45%
Allegany 22, Cumberland
45%
Allegany 4, Cumberland
45%
Allegany 6, Cumberland
45%
Wicomico 9, Salisbury
45%
Anne Arundel | Baltimore | Montgomery 1
40%
Baltimore | Montgomery 12
40%
Anne Arundel | Baltimore | Montgomery 2
40%
Anne Arundel | Baltimore | Montgomery 3
40%
Anne Arundel | Baltimore | Montgomery 4
40%
Anne Arundel | Baltimore | Montgomery 5
40%
Anne Arundel | Baltimore | Montgomery 7
40%
Baltimore | Montgomery 8
40%
Baltimore | Montgomery 10
39%
Baltimore | Montgomery 11
39%
Baltimore | Montgomery 13
39%
Baltimore 14
39%
Baltimore 15
39%
Anne Arundel | Baltimore | Montgomery 6
39%
Baltimore | Montgomery 9
39%
Prince George's 14, Bowie
34%
Prince George's 13, Kent
32%
Cecil 3, Elkton
32%
Prince George's 10, Laurel
29%
Howard 2, Ellicott City
29%
Harford 3, Bel Air
29%
Frederick 14, Jefferson
27%
Harford 6, Havre de Grace
27%
Cecil 9, Calvert
26%
Talbot 1, Easton
25%
Carroll 7, Westminster
25%
Washington 5, Hancock
23%
Dorchester 7, Cambridge
23%
Charles 6, Waldorf
22%
Dorchester 16, Madison
18%
Allegany 26, Frostburg
18%
Prince George's 7, Queen Anne
18%
Kent 4, Chestertown
17%
Frederick 16, Jackson
16%
Charles 1, La Plata
16%
Cecil 5, North East
16%
Carroll 6, Manchester
16%
Frederick 7, Urbana
16%
Carroll 13, Mount Airy
15%
Prince George's 16, Hyattsville
15%
Carroll 1, Taneytown
15%
Talbot 2, St. Michaels
15%
Frederick 5, Emmitsburg
15%
Frederick 3, Middletown
14%
Carroll 9, Franklin
14%
Prince George's 12, Oxon Hill
13%
Frederick 15, Thurmont
13%
Howard 5, Clarksville
13%
Calvert 2, Prince Frederick
12%
Caroline 3, Denton
12%
Queen Anne's 4, Kent Island
12%
Garrett 5, Accident
12%
Cecil 6, Rising Sun
12%
Carroll 8, Hampstead
12%
Cecil 1, Cecilton
11%
Howard 1, Elkridge
11%
Washington 1, Sharpsburg
11%
Worcester 4, Western
11%
Frederick 25, Brunswick
10%
Frederick 26, Walkersville
10%
Cecil 2, Chesapeake City
10%
St. Mary's 3, Leonardtown
10%
Prince George's 3, Marlboro
10%
Caroline 5, Federalsburg
10%
Washington 6, Boonsboro
10%
Howard 6, Savage
10%
Prince George's 17, Chillum
9%
Worcester 2, Central
9%
Queen Anne's 3, Centreville
9%
Howard 4, Lisbon
9%
Cecil 7, Port Deposit
9%
Frederick 8, Liberty
9%
Frederick 9, New Market
9%
Somerset 10, Smith Island
8%
Wicomico 11, Delmar
8%
Worcester 1, Southern
8%
Garrett 2, Friendsville
8%
Worcester 5, Ocean Pines
8%
Worcester 6, Northern
8%
St. Mary's 8, Bay
8%
Carroll 12, Union Bridge
7%
Wicomico 13, Camden
7%
Wicomico 16, Fruitland
7%
Allegany 18, Midland/Shaft
7%
Frederick 1, Buckeystown
7%
Prince George's 2, Bladensburg
7%
Washington 2, Williamsport
7%
Prince George's 11, Brandywine
6%
Carroll 11, New Windsor
6%
Frederick 13, Mount Pleasant
6%
Dorchester 17, Salem
6%
Prince George's 19, Riverdale
6%
Garrett 1, Swanton
6%
Prince George's 20, Lanham
6%
Frederick 21, Tuscarora
6%
Frederick 22, Burkittsville
6%
Washington 26, Halfway
6%
Allegany 29, La Vale
6%
Carroll 2, Uniontown
6%
Allegany 3, Flintstone
6%
Garrett 3, Grantsville
6%
Howard 3, West Friendship
6%
Washington 4, Clear Spring
6%
Somerset 4, Dublin
6%
Harford 5, Dublin
6%
Queen Anne's 5, Queenstown
6%
Caroline 6, Hillsboro
6%
Somerset 7, Crisfield
6%
Cecil 8, Oakwood
6%
Allegany 8, Westernport/Luke
6%
Garrett 10, Deer Park
5%
Washington 10, Funkstown
5%
Carroll 10, Middleburg
5%
Frederick 11, Woodsboro
5%
Dorchester 12, Williamsburg
5%
Washington 13, Maugansville
5%
Allegany 13, Mount Savage
5%
Wicomico 15, Hebron
5%
Dorchester 15, Hurlock
5%
Washington 15, Indian Spring
5%
Allegany 16, North Branch
5%
Frederick 19, Linganore
5%
Harford 1, Abingdon
5%
Kent 1, Massey
5%
Allegany 1, Orleans
5%
Frederick 20, Lewistown
5%
Frederick 23, Ballenger
5%
Frederick 24, Braddock
5%
Queen Anne's 2, Church Hill
5%
Dorchester 2, East New Market
5%
Caroline 2, Greensboro
5%
Charles 2, Hill Top
5%
Allegany 2, Oldtown
5%
Talbot 3, Trappe
5%
Dorchester 3, Vienna
5%
Kent 3, Worton (Betterton)
5%
Cecil 4, Fair Hill
5%
Harford 4, Marshall
5%
Wicomico 4, Pittsburg
5%
Caroline 4, Preston
5%
Carroll 5, Freedom
5%
St. Mary's 5, Mechanicsville
5%
Frederick 6, Catoctin
5%
St. Mary's 6, Patuxent
5%
Allegany 7, Cresaptown/Bel Air
5%
Washington 7, Smithsburg
5%
Wicomico 7, Trappe
5%
Allegany 9, Barton
5%
Somerset 9, Tangier
5%
Allegany 10, Lonaconing
4%
Charles 10, Marbury
4%
Washington 11, Sandy Hook
4%
Garrett 12, Bittinger
4%
Garrett 13, Kitzmiller
4%
Garrett 15, Avilton
4%
Garrett 16, Mountain Lake Park
4%
Prince George's 18, Seat Pleasant
4%
Frederick 18, Woodville
4%
Washington 19, Keedysville
4%
Queen Anne's 1, Dixon
4%
Caroline 1, Henderson
4%
Calvert 1, Solomons Island
4%
Prince George's 21, Berwyn
4%
Kent 2, Kennedyville
4%
Wicomico 2, Quantico
4%
Somerset 2, St. Peters
4%
Carroll 3, Myers
4%
Garrett 4, Bloomington
4%
Talbot 5, Bay Hundred
4%
Somerset 5, Mount Vernon
4%
Prince George's 5, Piscataway
4%
Queen Anne's 6, Ruthsburg
4%
Charles 7, Pomonkey
4%
Charles 8, Bryantown
4%
Garrett 8, Red House
4%
Washington 8, Rohrersville
4%
Dorchester 9, Church Creek
4%
Garrett 9, Finzel
4%
Charles 9, Hughesville
4%
Prince George's 9, Surratts
4%
Wicomico 10, Sharptown
3%
Dorchester 10, Straits
3%
Garrett 11, The Elbow
3%
Allegany 11, West Frostburg
3%
Somerset 12, Asbury
3%
Allegany 12, East Frostburg
3%
Washington 12, Fairplay
3%
Frederick 12, Petersville
3%
Somerset 13, Westover
3%
Carroll 14, Berrett
3%
Somerset 14, Deal Island
3%
Dorchester 14, Linkwood
3%
Garrett 14, West Oakland
3%
Somerset 15, East Princess Anne
3%
Prince George's 15, Mellwood
3%
Washington 16, Beaver Creek
3%
Frederick 17, Johnsville
3%
Washington 18, Chewsville
3%
Wicomico 1, Barren Creek
3%
Dorchester 1, Fork
3%
St. Mary's 1, St. Inigoes
3%
Prince George's 1, Vansville
3%
Somerset 1, West Princess Anne
3%
Allegany 20, Corriganville/Ellerslie
3%
Washington 20, Downsville
3%
Allegany 21, Gross
3%
Washington 23, Wilsons
3%
Washington 24, Cedar Lawn
3%
Allegany 24, Eckhart
3%
Washington 27, Fountain Head
3%
Harford 2, Halls Cross Roads
3%
St. Mary's 2, Valley Lee
3%
Allegany 31, McCoole
3%
Allegany 34, Bedford Road
3%
Somerset 3, Brinkleys
3%
Charles 3, Nanjemoy
3%
Worcester 3, Sinepuxent
3%
Calvert 3, Sunderland
3%
Charles 4, Allens Fresh
3%
Talbot 4, Chapel
3%
St. Mary's 4, Chaptico
3%
Prince George's 4, Nottingham
3%
Dorchester 4, Taylors Island
3%
Carroll 4, Woolerys
3%
Kent 5, Edesville
3%
Wicomico 5, Parsons
3%
Charles 5, Thompkinsville
3%
Allegany 5, Wills Creek
3%
Wicomico 6, Dennis
3%
Kent 6, Fairlee
3%
Dorchester 6, Hoopers Island
3%
Garrett 6, Sang Run
3%
Prince George's 6, Spauldings
3%
Queen Anne's 7, Crumpton
3%
Garrett 7, East Oakland
3%
St. Mary's 7, Milestown
3%
Kent 7, Pomona
3%
Caroline 7, Ridgely
3%
Caroline 8, American Corner
3%
Prince George's 8, Aquasco
3%
Somerset 8, Lawsons
3%
Dorchester 8, Neck
3%
Wicomico 8, Nutters
3%
Washington 9, Leitersburg
3%
Frederick 10, Hauvers
2%
Somerset 11, Dames Quarter
2%
Dorchester 11, Drawbridge
2%
Dorchester 13, Bucktown
2%
Washington 14, Ringgold
2%
Wicomico 14, Willards
2%
Wicomico 17, Westside
2%
Dorchester 18, Elliott
2%
Allegany 23, Decatur
2%
Frederick 4, Creagerstown
2%
Dorchester 5, Lakes
2%
Somerset 6, Fairmount
2%
St. Mary's 9, St. George Island
1%
No matching quizzes found
Score Distribution
Percent of People with Each Score
Percentile by Number Answered
Your Score History
You have not taken this quiz